| 000 -LEADER |
| fixed length control field |
01725nam a22001577a 4500 |
| 008 - FIXED-LENGTH DATA ELEMENTS--GENERAL INFORMATION |
| fixed length control field |
220127b ||||| |||| 00| 0 eng d |
| 100 ## - MAIN ENTRY--PERSONAL NAME |
| Personal name |
Liu, Mingtang and Tsai, Kellee S. |
| 245 ## - TITLE STATEMENT |
| Title |
Structural power, hegemony, and state capitalism: Limits to china’s global economic power |
| 260 ## - PUBLICATION, DISTRIBUTION, ETC. (IMPRINT) |
| Place of publication, distribution, etc |
Politics and Society |
| 300 ## - PHYSICAL DESCRIPTION |
| Extent |
49(2), Jun, 2021: p.235-268 |
| 520 ## - SUMMARY, ETC. |
| Summary, etc |
A comparative historical perspective shows how globalization and the specificities of China’s rapid growth era limit its hegemonic potential in the twenty-first century global economy. Although state capitalism and openness to foreign capital facilitated China’s economic transformation, interactions among three forms of capital—state, private, and foreign—have produced developmental dynamics that constrain China’s capacity to assume the position of the world’s economic hegemon. These include (1) the compromised competitiveness of China’s corporate sector due to the domination of state-owned enterprises, (2) limits on the ability of Chinese firms to develop leading transnational corporations, and (3) early openness to and continued dependence on foreign capital. Moreover, the party-state’s efforts to ameliorate these constraints arouse external suspicion rather than support a Chinese-led hegemonic order based on consent and shared interests. These historically conditioned realities should temper expectations that China is converging teleologically toward a familiar hegemonic role in the international economy. – Reproduced |
| 650 ## - SUBJECT ADDED ENTRY--TOPICAL TERM |
| Topical term or geographic name as entry element |
China, Hegemony, Globalization, State capitalism, Structural power |
| 9 (RLIN) |
29317 |
| 773 ## - HOST ITEM ENTRY |
| Main entry heading |
Politics and Society |
| 906 ## - LOCAL DATA ELEMENT F, LDF (RLIN) |
| Subject DIP |
ECONOMIC DEVELOPMENT - CHINA |
| 942 ## - ADDED ENTRY ELEMENTS (KOHA) |
| Item type |
Articles |